000 00534nam a2200169Ia 4500
999 _c36162
_d36162
003 OSt
005 20210111121636.0
008 190216s9999||||xx |||||||||||||| ||und||
040 _coclc
082 _a894.81
_bSGUR/V
100 _aGuru, Vagbhatananda
_98281
245 0 _aVagbhatanandante Sampoornna Krithilkal /
_cVagbhatanantha Guru
260 _bThe Mathrubhumi Printing And Publishers,
_c1988.
_aKozhikode:
300 _a925p
650 _aMalayalam
942 _cREF
_2ddc
_h894.81
_iSGUR/V
_k894.81
_mSGUR/V